Problem solving in enzyme biocatalysis.
Guardat en:
| Autors principals: | , , |
|---|---|
| Format: | Llibre |
| Idioma: | anglès |
| Publicat: |
Chichester, United Kingdom:
John Wiley & Sons,
2014.
|
| Matèries: | |
| Etiquetes: |
Afegir etiqueta
Sense etiquetes, Sigues el primer a etiquetar aquest registre!
|
MARC
| LEADER | 00000cam a2200000 a 4500 | ||
|---|---|---|---|
| 001 | UCE2336 | ||
| 003 | CL-VaPUC | ||
| 005 | 20250305090152.0 | ||
| 008 | 140626e20140000uk |||||||||||||||||eng|d | ||
| 999 | |c 355966 |d 355964 | ||
| 020 | |a 9781118341711 | ||
| 040 | |c Pontificia Universidad Católica de Valparaíso | ||
| 082 | 0 | 4 | |a 572.7 ILL 2014 |2 21 |
| 100 | |a Illanes Frontaura, Andrés Juan |e author |9 888879 | ||
| 245 | 1 | 0 | |a Problem solving in enzyme biocatalysis. |
| 260 | |a Chichester, United Kingdom: |b John Wiley & Sons, |c 2014. | ||
| 300 | |a xxiii, 318 páginas. | ||
| 583 | |a last modification |c 20180403 11:41:10 |k Rodrigo Vera | ||
| 650 | 0 | |a Biocatálisis |9 379946 | |
| 650 | 0 | |a Enzimas |x Biotecnología |9 896319 | |
| 650 | 0 | |a Cinética enzimática |9 896320 | |
| 650 | 0 | |a Enzimas |x Aplicaciones industriales |9 896321 | |
| 700 | 0 | |a Wilson Soto, Lorena Evelyn |e author |9 574796 | |
| 700 | 0 | |a Vera, Carlos |e author |9 574797 | |
| 942 | |c BK |2 ddc | ||
| 945 | |d 20140626 14:24:00 |a cmena | ||
| 952 | |0 0 |1 0 |3 erd |4 0 |6 572_700000000000000_ILL_2014 |7 0 |8 A |9 462975 |a BIBING |b BIBING |i 5087414 |l 9 |m 8 |o 572.7 ILL 2014 |p 5087414 |r 2025-01-20 |s 2024-11-25 |w 2019-11-23 |y BK |z Catalogado en:20140626 |k EIB | ||
| 952 | |0 0 |1 0 |3 erd |4 0 |6 572_700000000000000_ILL_2014 |7 0 |8 A |9 462976 |a BIBING |b BIBING |i 5087422 |l 2 |m 1 |o 572.7 ILL 2014 |p 5087422 |r 2025-01-20 |s 2023-04-19 |w 2019-11-23 |y BK |z Catalogado en:20140626 |k EIB | ||
| 952 | |0 0 |1 0 |3 erd |4 0 |6 572_700000000000000_ILL_2014 |7 0 |8 A |9 462977 |a BIBING |b BIBING |i 5087430 |l 8 |o 572.7 ILL 2014 |p 5087430 |r 2025-01-20 |s 2024-09-23 |w 2019-11-23 |y BK |z Catalogado en:20140626 |k EIB | ||
| 952 | |0 0 |1 0 |3 erd |4 0 |6 572_700000000000000_ILL_2014 |7 0 |8 A |9 462978 |a BIBING |b BIBING |i 5087449 |l 1 |o 572.7 ILL 2014 |p 5087449 |r 2025-01-20 |s 2024-03-27 |w 2019-11-23 |y BK |z Catalogado en:20140626 |k EIB | ||
| 952 | |0 0 |1 0 |3 erd |4 0 |6 572_700000000000000_ILL_2014 |7 0 |8 A |9 462979 |a BIBING |b BIBING |i 5087457 |o 572.7 ILL 2014 |p 5087457 |r 2025-01-20 |w 2019-11-23 |y BK |z Catalogado en:20140626 |k EIB | ||
| 952 | |0 0 |1 0 |3 erd |4 0 |6 572_700000000000000_ILL_2014 |7 0 |8 A |9 462980 |a BIBING |b BIBING |i 5088755 |l 4 |o 572.7 ILL 2014 |p 5088755 |r 2025-01-20 |s 2024-07-03 |w 2019-11-23 |y BK |z Catalogado en:20140710 |k EIB | ||
| 952 | |0 0 |1 0 |3 erd |4 0 |6 572_700000000000000_ILL_2014 |7 0 |8 A |9 462981 |a BIBING |b BIBING |i 5088763 |l 2 |m 2 |o 572.7 ILL 2014 |p 5088763 |r 2025-01-20 |s 2023-06-20 |w 2019-11-23 |y BK |z Catalogado en:20140710 |k EIB | ||
| 952 | |0 0 |1 0 |3 erd |4 0 |6 572_700000000000000_ILL_2014 |7 0 |8 A |9 462982 |a BIBING |b BIBING |i 5088771 |l 3 |m 2 |o 572.7 ILL 2014 |p 5088771 |r 2025-01-20 |s 2024-08-28 |w 2019-11-23 |y BK |z Catalogado en:20140710 |k EIB | ||
| 952 | |0 0 |1 0 |3 erd |4 0 |6 572_700000000000000_ILL_2014 |7 0 |8 A |9 462983 |a BIBING |b BIBING |i 508878K |l 5 |o 572.7 ILL 2014 |p 508878K |r 2024-01-18 |s 2022-08-31 |w 2019-11-23 |y BK |z Catalogado en:20140710 |k EIB | ||
| 952 | |0 0 |1 0 |3 erd |4 0 |6 572_700000000000000_ILL_2014 |7 0 |8 A |9 462984 |a BIBING |b BIBING |i 5088798 |o 572.7 ILL 2014 |p 5088798 |r 2025-01-20 |w 2019-11-23 |y BK |z Catalogado en:20140710 |k EIB | ||
| 952 | |0 0 |1 0 |3 erd |4 0 |6 572_700000000000000_ILL_2014 |7 0 |8 A |9 462985 |a BIBING |b BIBING |i 5505852 |l 2 |m 1 |o 572.7 ILL 2014 |p 5505852 |r 2025-01-20 |s 2023-03-31 |w 2019-11-23 |y BK |z Catalogado en:20181012 |k EIB | ||
| 952 | |0 0 |1 0 |3 erd |4 0 |6 572_700000000000000_ILL_2014 |7 0 |8 A |9 462986 |a BIBING |b BIBING |i 5505844 |l 2 |o 572.7 ILL 2014 |p 5505844 |r 2025-05-02 |s 2025-04-01 |w 2019-11-23 |y BK |z Catalogado en:20181012 |k EIB | ||
| 952 | |0 0 |1 0 |3 erd |4 0 |6 572_700000000000000_ILL_2014 |7 0 |8 A |9 462987 |a BIBING |b BIBING |i 5505836 |l 3 |m 2 |o 572.7 ILL 2014 |p 5505836 |r 2025-01-20 |s 2023-05-19 |w 2019-11-23 |y BK |z Catalogado en:20181012 |k EIB | ||
| 952 | |0 0 |1 0 |3 erd |4 0 |6 572_700000000000000_ILL_2014 |7 0 |8 A |9 462988 |a BIBING |b BIBING |i 5505828 |l 4 |o 572.7 ILL 2014 |p 5505828 |r 2025-01-20 |s 2023-05-11 |w 2019-11-23 |y BK |z Catalogado en:20181012 |k EIB | ||
| 952 | |0 0 |1 0 |3 erd |4 0 |6 572_700000000000000_ILL_2014 |7 0 |8 A |9 462989 |a BIBING |b BIBING |i 550581K |l 1 |o 572.7 ILL 2014 |p 550581K |r 2025-01-20 |s 2024-06-05 |w 2019-11-23 |y BK |z Catalogado en:20181012 |k EIB | ||
| 952 | |0 0 |1 0 |3 erd |4 0 |6 572_700000000000000_ILL_2014 |7 0 |8 A |9 462990 |a BIBING |b BIBING |i 5505801 |l 1 |o 572.7 ILL 2014 |p 5505801 |r 2025-01-20 |s 2023-03-28 |w 2019-11-23 |y BK |z Catalogado en:20181012 |k EIB | ||
| 952 | |0 0 |1 0 |3 erd |4 0 |6 572_700000000000000_ILL_2014 |7 0 |8 A |9 462991 |a BIBING |b BIBING |i 5505798 |l 11 |m 6 |o 572.7 ILL 2014 |p 5505798 |r 2025-01-20 |s 2024-07-04 |w 2019-11-23 |y BK |z Catalogado en:20181012 |k EIB | ||
| 952 | |0 0 |1 0 |3 erd |4 0 |6 572_700000000000000_ILL_2014 |7 0 |8 A |9 462992 |a BIBING |b BIBING |i 5509378 |l 7 |m 1 |o 572.7 ILL 2014 |p 5509378 |r 2025-01-20 |s 2024-09-23 |w 2019-11-23 |y BK |z Catalogado en:20181021 |k EIB | ||
| 952 | |0 0 |1 0 |3 erd |4 0 |6 572_700000000000000_ILL_2014 |7 0 |8 A |9 462993 |a BIBING |b BIBING |i 550936K |l 8 |m 4 |o 572.7 ILL 2014 |p 550936K |r 2025-01-20 |s 2024-09-30 |w 2019-11-23 |y BK |z Catalogado en:20181021 |k EIB | ||
| 952 | |0 0 |1 0 |3 erd |4 0 |6 572_700000000000000_ILL_2014 |7 0 |8 A |9 462994 |a BIBING |b BIBING |i 5509386 |l 1 |o 572.7 ILL 2014 |p 5509386 |r 2025-01-20 |s 2023-03-28 |w 2019-11-23 |y BK |z Catalogado en:20181021 |k EIB | ||
| 952 | |0 0 |1 0 |3 erd |4 0 |6 572_700000000000000_ILL_2014 |7 0 |8 A |9 462995 |a BIBING |b BIBING |i 551004K |l 1 |m 1 |o 572.7 ILL 2014 |p 551004K |r 2025-01-20 |s 2023-03-24 |w 2019-11-23 |y BK |z Catalogado en:20181026 |k EIB | ||
| 952 | |0 0 |1 0 |2 ddc |4 0 |6 572_700000000000000_ILL_2014 |7 0 |8 A |9 600506 |a BIBALI |b BIBALI |d 2025-03-03 |e 2 |g 117776.00 |i 5665385 |o 572.7 ILL 2014 |p 5665385 |r 2025-03-03 |t 22 |v 117776.00 |w 2025-03-03 |y BK |k ALI | ||